000 00767nam a2200253Ia 4500
003 OSt
005 20221005073028.0
006 a|||||r|||| 00| 0
007 ta
008 221004b |||||||| |||| 00| 0 urd d
020 _a18181720644 (hbk)
_c300
024 _a20478
037 _b4429, 28/03/2015, Kitabi Duniya
_cTextual
040 _aCRL
_cCRL
_burd
041 _2urd
_aurd
082 _aO168,1x, Q3
100 _aHuda Sarwarul Ed.
_9607673
245 0 _aDiwan shamsul ulama nawab syed imdad imam asar
260 _aNew Delhi
_bGhalib Insititue India
_c2013
300 _a352p.
_ccm.
650 _aURDU LITERATURE
942 _hO168,1x, Q3
_cTEXL
_2cc
999 _c980441
_d980441